The Bottom - Gracie Abrams - Statistics

General Stats
  • This quiz has been taken 64 times
    57 since last reset
  • The average score is 285 of 311
Answer Stats
Hint Answer % Correct
a
100%
do
100%
Verse 1 | Verse 2 I
100%
the
100%
to
100%
you
100%
bottom
97%
it
97%
me
97%
no
97%
should
97%
and
94%
better
94%
could
94%
down
94%
drag
94%
gonna
94%
i'm
94%
isn't
94%
Chorus It's
94%
it's
94%
love
94%
never
94%
now
94%
of
94%
or
94%
that
94%
too
94%
what
94%
good
91%
have
91%
in
91%
my
91%
right
91%
this
91%
walk
91%
Pre-Chorus When
91%
when
91%
all
88%
back
88%
being
88%
but
88%
calling
88%
guard
88%
honest
88%
let
88%
out
88%
problems
88%
regret
88%
see
88%
up
88%
was
88%
Bridge Watch
88%
watch
88%
your
88%
bad
85%
falling
85%
hard
85%
ignore
85%
like
85%
most
85%
offer
85%
told
85%
'cause
82%
door
82%
hate
82%
opened
82%
painful
82%
saving
82%
happier
79%
sad
79%
stupid
79%
took
79%
look
76%
should've
76%
come
73%
fix
73%
how
73%
fucking
70%
had
70%
know
70%
leave
70%
past
70%
setbacks
70%
so
70%
don't
67%
getting
67%
there's
67%
forth
61%
No matching quizzes found
Score Distribution
Percent of People with Each Score
Percentile by Number Answered
Your Score History
You have not taken this quiz since the last reset